LEADER 00930nam--2200313---450- 001 990001833170203316 005 20090105103226.0 035 $a000183317 035 $aUSA01000183317 035 $a(ALEPH)000183317USA01 035 $a000183317 100 $a20040708d2002----km-y0enga50------ba 105 $ay|||z|||001yy 200 1 $aGlobal container terminals$eProfit, performance and prospects 210 $aLondon$cDrewry$dcopyr. 2002 215 $a280 p.$d32 cm 606 0 $aContainers 606 0 $aMerci$xTrasporto 676 $a387.164 801 0$aIT$bsalbc$gISBD 912 $a990001833170203316 951 $a387.164 GLO 1 (IRA 18 139)$b12596 E.C.$cIRA 18$d00135796 959 $aBK 969 $aECO 979 $aACQUISTI$b10$c20040708$lUSA01$h1219 979 $aCHIARA$b90$c20051031$lUSA01$h1112 979 $aRSIAV1$b90$c20090105$lUSA01$h1032 996 $aGlobal container terminals$9949252 997 $aUNISA LEADER 01530nam 2200397 a 450 001 9910699350003321 005 20230902162207.0 035 $a(CKB)5470000002402416 035 $a(OCoLC)502267291 035 $a(EXLCZ)995470000002402416 100 $a20100128d2001 ua 0 101 0 $aeng 135 $aurbn||||||||| 181 $ctxt$2rdacontent 182 $cc$2rdamedia 183 $acr$2rdacarrier 200 10$aAviation$b[electronic resource] $etransport services : agreement between the United States of America and Morocco signed at Rabat October 10, 2001, with annexes 210 1$a[Washington, D.C.] :$cU.S. Dept. of State,$d[2001?] 215 $a1 online resource (52 unnumbered pages) 225 1 $aTreaties and other international acts series ;$v13165 300 $aTitle from title screen (viewed on Jan. 28, 2010). 410 0$aTreaties and other international acts series ;$v13165. 517 $aAviation 606 $aAeronautics, Commercial$xLaw and legislation$zUnited States 606 $aAeronautics, Commercial$xLaw and legislation$zMorocco 606 $aAeronautics, Commercial$xInternational cooperation 615 0$aAeronautics, Commercial$xLaw and legislation 615 0$aAeronautics, Commercial$xLaw and legislation 615 0$aAeronautics, Commercial$xInternational cooperation. 712 02$aUnited States.$bDepartment of State. 801 0$bGPO 801 1$bGPO 906 $aBOOK 912 $a9910699350003321 996 $aAviation$9799860 997 $aUNINA